[Event "Ontario-ch U20 U1800"]
[Site "Mississauga CAN"]
[Date "2018.01.28"]
[Round "5"]
[White "Hua, Michelle"]
[Black "Chen, Derek"]
[Result "1-0"]
[WhiteElo "1535"]
[BlackElo "1400"]
[PlyCount "47"]
[EventDate "2018.01.27"]
[EventType "swiss"]
[EventRounds "5"]
[EventCountry "CAN"]

1. e4 c5 2. Nf3 e6 3. d4 cxd4 4. Nxd4 a6 5. Nc3 Qc7 6. a3 Nf6 7. Be3 Be7 8. Qd2
b5 9. Be2 Bb7 10. f3 O-O 11. O-O-O b4 12. axb4 Bxb4 13. Qd3 Bxc3 14. Qxc3 Qxc3
15. bxc3 Rc8 16. Kb2 Nc6 17. Nb3 d5 18. Nc5 dxe4 19. fxe4 Rcb8 20. Ka2 e5 21.
Bf3 Na5 22. Nd7 Nxd7 23. Rxd7 Bc8 24. Rd8# 1-0

[Event "Ontario-ch U20 U1800"]
[Site "Mississauga CAN"]
[Date "2018.01.28"]
[Round "5"]
[White "Laughlin, Braden"]
[Black "Yang, Elena"]
[Result "1-0"]
[WhiteElo "1421"]
[BlackElo "1586"]
[PlyCount "135"]
[EventDate "2018.01.27"]
[EventType "swiss"]
[EventRounds "5"]
[EventCountry "CAN"]

1. e4 e5 2. Nf3 Nf6 3. Nxe5 d6 4. Nf3 Nxe4 5. d4 Be7 6. Bd3 Nf6 7. O-O O-O 8.
h3 Nc6 9. Re1 Nb4 10. Bf1 Bf5 11. Na3 Re8 12. c3 Na6 13. Nc2 c6 14. Ne3 Bd7 15.
a4 Nc7 16. Bd3 Bf8 17. Nf5 Bxf5 18. Bxf5 Rxe1+ 19. Qxe1 Qe8 20. Bf4 g6 21. Qxe8
Rxe8 22. Bd3 Nfd5 23. Bd2 Ne6 24. g3 h6 25. Kg2 f5 26. h4 Kf7 27. h5 g5 28.
Bxf5 Kf6 29. Bg6 Re7 30. Nh2 Nec7 31. Ng4+ Kg7 32. Re1 Rxe1 33. Bxe1 Nf6 34.
Kf3 Nxg4 35. Kxg4 Kf6 36. Bd2 Ne6 37. f4 d5 38. Bf5 gxf4 39. gxf4 Bg7 40. Be1
Kf7 41. Bg6+ Ke7 42. Bh4+ Bf6 43. Bxf6+ Kxf6 44. b3 a5 45. Bf5 b6 46. Bxe6 Kxe6
47. f5+ Kf7 48. Kf3 Ke7 49. Kf4 Kd6 50. b4 b5 51. bxa5 bxa4 52. a6 Kc7 53. a7
Kb7 54. a8=Q+ Kxa8 55. f6 a3 56. f7 a2 57. f8=Q+ Kb7 58. Qa3 a1=Q 59. Qxa1 Kb6
60. Qb2+ Kc7 61. Ke5 c5 62. Qb5 cxd4 63. cxd4 Kc8 64. Qc6+ Kb8 65. Qd7 Ka8 66.
Kd6 Kb8 67. Kc6 Ka8 68. Qb7# 1-0

[Event "Ontario-ch U20 U1800"]
[Site "Mississauga CAN"]
[Date "2018.01.28"]
[Round "5"]
[White "Locham, Divjot"]
[Black "Zhou, Mike"]
[Result "1-0"]
[WhiteElo "1373"]
[BlackElo "1393"]
[PlyCount "45"]
[EventDate "2018.01.27"]
[EventType "swiss"]
[EventRounds "5"]
[EventCountry "CAN"]

1. e4 c6 2. d4 d5 3. exd5 cxd5 4. Nf3 Nc6 5. Nc3 a6 6. Bf4 Bf5 7. Bd3 Bxd3 8.
Qxd3 e6 9. O-O Bd6 10. Bxd6 Qxd6 11. Rfe1 Nge7 12. a3 h6 13. Na4 O-O 14. Nc5
Rab8 15. b4 f6 16. Rxe6 Qc7 17. Re2 Nd8 18. Rae1 Nec6 19. Nh4 Rf7 20. Ng6 Kh7
21. Nf8+ Kg8 22. Qh7+ Kxf8 23. Qh8# 1-0

[Event "Ontario-ch U20 U1800"]
[Site "Mississauga CAN"]
[Date "2018.01.28"]
[Round "5"]
[White "Ma, Andrew"]
[Black "Xie, Austin"]
[Result "1-0"]
[WhiteElo "1486"]
[BlackElo "1497"]
[PlyCount "47"]
[EventDate "2018.01.27"]
[EventType "swiss"]
[EventRounds "5"]
[EventCountry "CAN"]

1. e4 e5 2. Nf3 Nc6 3. Bc4 Bc5 4. b4 Bxb4 5. c3 Ba5 6. d4 exd4 7. O-O Nge7 8.
cxd4 d6 9. Ng5 d5 10. exd5 Nxd5 11. Nxf7 Kxf7 12. Qf3+ Qf6 13. Bxd5+ Ke8 14.
Bxc6+ Qxc6 15. Qh5+ g6 16. Qe5+ Kd7 17. Qxh8 b6 18. Qxh7+ Kd6 19. Qxg6+ Be6 20.
Bf4+ Kd7 21. Rc1 Qa4 22. Rxc7+ Kd8 23. Qf6+ Ke8 24. Qe7# 1-0

[Event "Ontario-ch U20 U1800"]
[Site "Mississauga CAN"]
[Date "2018.01.28"]
[Round "5"]
[White "Ning, Alwin"]
[Black "Vo, Andy"]
[Result "0-1"]
[WhiteElo "1529"]
[BlackElo "1421"]
[PlyCount "56"]
[EventDate "2018.01.27"]
[EventType "swiss"]
[EventRounds "5"]
[EventCountry "CAN"]

1. e4 c5 2. Nf3 d6 3. d4 cxd4 4. Nxd4 Nf6 5. Nc3 g6 6. Be3 Bg7 7. f3 O-O 8. Qd2
Nc6 9. O-O-O d5 10. exd5 Nxd5 11. Nxc6 bxc6 12. Nxd5 cxd5 13. Qxd5 Qc7 14. Bd3
Be6 15. Qc5 Qb7 16. b3 Rfc8 17. Qb5 Qc7 18. Bd2 Qb6 19. Qxb6 axb6 20. Kb1 Ra7
21. Be3 Rca8 22. a4 Rb8 23. c4 Ra5 24. h4 b5 25. axb5 Rba8 26. b4 Ra1+ 27. Kc2
R8a2+ 28. Kb3 Rb2# 0-1

[Event "Ontario-ch U20 U1800"]
[Site "Mississauga CAN"]
[Date "2018.01.28"]
[Round "5"]
[White "Ning, Oswin"]
[Black "Li, Kevin"]
[Result "0-1"]
[WhiteElo "1631"]
[BlackElo "1774"]
[PlyCount "114"]
[EventDate "2018.01.27"]
[EventType "swiss"]
[EventRounds "5"]
[EventCountry "CAN"]

1. e4 c5 2. Nf3 e6 3. d4 cxd4 4. Nxd4 Nf6 5. Nc3 Nc6 6. f3 Bb4 7. Be3 d5 8.
exd5 Nxd5 9. Nxc6 bxc6 10. Bd2 O-O 11. Bd3 Qb6 12. Qe2 a5 13. Qe4 f5 14. Qe5
Bc5 15. Na4 Bf2+ 16. Ke2 Qa7 17. c3 Bh4 18. g3 Be7 19. c4 Nb4 20. Be3 Qd7 21.
Qd4 Qb7 22. Qb6 c5 23. Qxb7 Bxb7 24. Bxc5 Bxc5 25. Nxc5 Nxd3 26. Nxd3 e5 27.
Rhf1 Rfe8 28. Kf2 Rac8 29. b3 a4 30. Rae1 axb3 31. axb3 e4 32. fxe4 fxe4 33.
Nf4 Ra8 34. Re3 Red8 35. Rfe1 h6 36. Ne6 Rd6 37. Nc5 Rf6+ 38. Kg1 Ra2 39. R3e2
Ra7 40. Nxe4 Rb6 41. Nc5 Bf3 42. Rb2 Rc7 43. Na4 Rb4 44. Re5 Rcb7 45. Nc5 Rf7
46. Nd3 Rb8 47. c5 Bg4 48. b4 Rd8 49. Nf2 Bc8 50. c6 Kh7 51. b5 Rd6 52. Rc5
Rff6 53. c7 Rde6 54. Rbc2 Re1+ 55. Kg2 Bb7+ 56. Rc6 Bxc6+ 57. Rxc6 Rxc6 0-1

[Event "Ontario-ch U20 U1800"]
[Site "Mississauga CAN"]
[Date "2018.01.28"]
[Round "5"]
[White "Ramesh, Sanjay"]
[Black "Balachandran, Kousihan"]
[Result "0-1"]
[WhiteElo "1329"]
[BlackElo "1460"]
[PlyCount "108"]
[EventDate "2018.01.27"]
[EventType "swiss"]
[EventRounds "5"]
[EventCountry "CAN"]

1. d4 d5 2. c4 dxc4 3. Nf3 Nf6 4. Nc3 e6 5. e3 c5 6. Bxc4 Nc6 7. O-O Be7 8. Bd3
O-O 9. dxc5 Bxc5 10. b3 Nb4 11. Bb1 Qc7 12. a3 Nbd5 13. Nxd5 Nxd5 14. Qc2 Nf6
15. Bb2 Bb6 16. Nd4 Qxc2 17. Bxc2 Bd7 18. Bd1 Ne4 19. Rc1 Nc5 20. Bc2 e5 21.
Nf3 e4 22. Ne5 Bb5 23. Rfd1 Rad8 24. a4 Bd3 25. Bxd3 Nxd3 26. Nxd3 Rxd3 27.
Rxd3 exd3 28. Rd1 Rd8 29. Bc3 Rc8 30. Be1 Rd8 31. Kf1 Kf8 32. Bb4+ Ke8 33. Ke1
a5 34. Ba3 Rd5 35. Kd2 Bc7 36. h3 Be5 37. f4 Bf6 38. e4 Rd4 39. Ke3 Rd7 40.
Rxd3 Rc7 41. e5 Bd8 42. Rd2 Rc3+ 43. Rd3 Rc2 44. Rd2 Bb6+ 45. Kd3 Rc6 46. Rc2
Rg6 47. Kc4 Kd7 48. Bc5 Bxc5 49. f5 Rc6 50. Kb5 Bb4 51. e6+ fxe6 52. fxe6+ Kxe6
53. Rxc6+ bxc6+ 54. Kxc6 Kf5 0-1

[Event "Ontario-ch U20 U1800"]
[Site "Mississauga CAN"]
[Date "2018.01.28"]
[Round "5"]
[White "Srinivas, Atharva"]
[Black "Gao, Raymond"]
[Result "0-1"]
[WhiteElo "1409"]
[BlackElo "1661"]
[PlyCount "124"]
[EventDate "2018.01.27"]
[EventType "swiss"]
[EventRounds "5"]
[EventCountry "CAN"]

1. e4 c5 2. Nc3 Nc6 3. f4 g6 4. Nf3 Bg7 5. Bb5 Nd4 6. O-O a6 7. Bc4 d6 8. d3
Nf6 9. a3 Bg4 10. Ne2 Bxf3 11. gxf3 Nh5 12. Nxd4 Bxd4+ 13. Kh1 Qd7 14. c3 Bg7
15. Bd2 Bh6 16. Qc1 Qh3 17. Kg1 Qh4 18. Qe1 Qxe1 19. Raxe1 Bxf4 20. Bxf4 Nxf4
21. d4 cxd4 22. cxd4 b5 23. Bb3 e6 24. Rd1 Rc8 25. Kh1 Kd7 26. a4 bxa4 27.
Bxa4+ Ke7 28. Rc1 Nd3 29. Rc2 Rxc2 30. Bxc2 Nxb2 31. Rb1 Nc4 32. Rb7+ Kf6 33.
Ra7 Rc8 34. Bd3 a5 35. Bxc4 Rxc4 36. Rxa5 Rxd4 37. Kg2 h5 38. h4 d5 39. exd5
exd5 40. Kg3 Kf5 41. Ra7 f6 42. Rf7 Rd2 43. Rd7 d4 44. Rd5+ Ke6 45. Rd8 d3 46.
Kf4 Rd1 47. Ke3 Ke5 48. Rd4 Re1+ 49. Kd2 Kxd4 50. Kxe1 Ke3 51. Kd1 d2 52. f4 f5
53. Kc2 Ke2 54. Kc3 d1=Q 55. Kc4 Ke3 56. Kc3 Qc1+ 57. Kb4 Kd4 58. Kb5 Qc3 59.
Kb6 Kd5 60. Kb5 Qb3+ 61. Ka5 Kc6 62. Ka6 Qb6# 0-1

[Event "Ontario-ch U20 U1800"]
[Site "Mississauga CAN"]
[Date "2018.01.28"]
[Round "5"]
[White "Wang, Eric"]
[Black "Zhang, Jonathan"]
[Result "1-0"]
[WhiteElo "1654"]
[BlackElo "1355"]
[PlyCount "53"]
[EventDate "2018.01.27"]
[EventType "swiss"]
[EventRounds "5"]
[EventCountry "CAN"]

1. c4 e5 2. Nc3 Nf6 3. Nf3 Nc6 4. d4 exd4 5. Nxd4 Nxd4 6. Qxd4 b6 7. Qe3+ Be7
8. Qf3 c6 9. Bf4 d5 10. cxd5 cxd5 11. Rd1 Bb7 12. g3 Rc8 13. Bg2 Rc5 14. O-O
Ra5 15. a3 Qc8 16. Qd3 Qc6 17. Rc1 Ba6 18. Qd2 Qe6 19. Rfd1 Bc4 20. e4 dxe4 21.
Nxe4 Nxe4 22. Bxe4 f5 23. Bg2 O-O 24. Re1 Qf7 25. b4 Rb5 26. Bc6 Rd8 27. Qe3
1-0

[Event "Outaouais-ch"]
[Site "Gatineau CAN"]
[Date "2018.04.03"]
[Round "1"]
[White "Bilodeau, Victor"]
[Black "Solunac, Sasha"]
[Result "0-1"]
[WhiteElo "1729"]
[BlackElo "1877"]
[PlyCount "102"]
[EventDate "2018.04.03"]
[EventType "tourn"]
[EventRounds "7"]
[EventCountry "CAN"]

1. d4 e6 2. c4 f5 3. Nf3 Nf6 4. Bg5 b6 5. g3 Bb7 6. Bg2 Bb4+ 7. Nc3 O-O 8. O-O
d6 9. Bh4 Bxc3 10. bxc3 Qe8 11. Bxf6 Rxf6 12. Re1 e5 13. e3 Nd7 14. Qb3 Kh8 15.
a4 a5 16. Qc2 Qh5 17. Qe2 Rh6 18. Nh4 Bxg2 19. Qxh5 Rxh5 20. Kxg2 Rf8 21. Nf3
g5 22. h4 gxh4 23. Nxh4 Nf6 24. Rh1 Ne4 25. Rac1 Rg8 26. Rh3 f4 27. exf4 exf4
28. Kf3 Ng5+ 29. Kg4 Nxh3+ 30. Kxh5 fxg3 31. fxg3 Rxg3 32. Nf5 Rg5+ 33. Kh4
Rxf5 34. Kxh3 h5 35. Kh4 Kh7 36. Re1 Kg6 37. Re6+ Rf6 38. Re7 Rf4+ 39. Kg3 Rf7
40. Re6+ Kg5 41. c5 h4+ 42. Kg2 dxc5 43. dxc5 Rf6 44. Re7 Rc6 45. cxb6 cxb6 46.
Rb7 Kg4 47. Rg7+ Kf5 48. Rb7 Ke4 49. Kh3 Kd3 50. Kxh4 Rxc3 51. Rg7 Rc4+ 0-1

[Event "Outaouais-ch"]
[Site "Gatineau CAN"]
[Date "2018.04.03"]
[Round "1"]
[White "Gagnon, Fabien"]
[Black "Guimond, Michel"]
[Result "0-1"]
[WhiteElo "1840"]
[BlackElo "1921"]
[PlyCount "66"]
[EventDate "2018.04.03"]
[EventType "tourn"]
[EventRounds "7"]
[EventCountry "CAN"]

1. d4 d6 2. c4 g6 3. Nc3 Bg7 4. Nf3 c6 5. g3 Nh6 6. Bg2 O-O 7. O-O Nd7 8. e4 e5
9. h3 f6 10. dxe5 Nxe5 11. Nxe5 dxe5 12. Qxd8 Rxd8 13. Be3 Be6 14. b3 Rd3 15.
Rac1 Rad8 16. Rfd1 f5 17. Bxa7 f4 18. Bb6 R8d7 19. Bf1 Rxc3 20. Rxd7 Rxc1 21.
Rd8+ Kf7 22. g4 Ng8 23. Rb8 f3 24. Rxb7+ Ne7 25. a4 h5 26. a5 hxg4 27. a6 gxh3
28. a7 Rxf1+ 29. Kxf1 h2 30. Ke1 Bh6 31. Be3 Bxe3 32. fxe3 h1=Q+ 33. Kd2 Qa1
0-1

[Event "Outaouais-ch"]
[Site "Gatineau CAN"]
[Date "2018.04.03"]
[Round "1"]
[White "Jobin, Gilles G"]
[Black "Bastien, Andre"]
[Result "1-0"]
[WhiteElo "1840"]
[BlackElo "1908"]
[PlyCount "83"]
[EventDate "2018.04.03"]
[EventType "tourn"]
[EventRounds "7"]
[EventCountry "CAN"]

1. e4 d5 2. exd5 Nf6 3. d4 Bg4 4. Be2 Bxe2 5. Qxe2 Qxd5 6. Nf3 e6 7. c4 Qf5 8.
Nc3 Be7 9. O-O O-O 10. d5 Bc5 11. dxe6 Nc6 12. Be3 Rae8 13. Bxc5 Qxc5 14. Nd5
Rxe6 15. Nxf6+ Rxf6 16. Rad1 Re6 17. Qd3 Ne5 18. Nxe5 Qxe5 19. Qd2 Rh6 20. h3
Rg6 21. Rfe1 Qh5 22. Qe3 Qa5 23. Qe7 Rd6 24. Rxd6 cxd6 25. a3 b5 26. cxb5 Qxb5
27. Qxd6 Qxb2 28. Re7 a5 29. Qc5 Qd2 30. Ra7 a4 31. Qe3 Qd1+ 32. Kh2 Qd6+ 33.
g3 Qc6 34. Qf4 h6 35. Rxa4 g5 36. Qe4 Qc5 37. Qd4 Qc6 38. Ra7 Qf3 39. Ra6 f6
40. Ra7 h5 41. Qc4+ Kh8 42. Qc2 1-0

[Event "Outaouais-ch"]
[Site "Gatineau CAN"]
[Date "2018.04.03"]
[Round "1"]
[White "Solunac, Stephen"]
[Black "Desjardins, Michel"]
[Result "0-1"]
[WhiteElo "1741"]
[BlackElo "1931"]
[PlyCount "134"]
[EventDate "2018.04.03"]
[EventType "tourn"]
[EventRounds "7"]
[EventCountry "CAN"]

1. d4 d5 2. Bf4 Bf5 3. c4 e6 4. Nc3 Bd6 5. Bxd6 Qxd6 6. c5 Qd8 7. Nf3 Nf6 8. e3
O-O 9. Qb3 b6 10. cxb6 axb6 11. Bb5 c6 12. Be2 Nbd7 13. O-O Qe7 14. Rfc1 Qd6
15. h3 h6 16. a3 Rfc8 17. Qd1 Ne4 18. Nxe4 Bxe4 19. Bd3 Bxd3 20. Qxd3 b5 21. b4
Nb6 22. Nd2 Nc4 23. Nxc4 dxc4 24. Qe4 Ra4 25. f4 Rca8 26. Rc3 Rxb4 27. Qc2 Rba4
28. Qc1 f5 29. Kf2 Kf7 30. g3 h5 31. h4 g6 32. Kf3 Ke7 33. Ke2 Kd7 34. Kf3 Ke7
35. Ke2 R8a6 36. Kf2 Ra7 37. Ke2 Qd5 38. Kf2 c5 39. dxc5 Qxc5 40. Ke2 Rd7 41.
Ra2 Qd5 42. Kf2 Ra8 43. Rb2 Ra5 44. Ra2 Qd1 45. Qxd1 Rxd1 46. Kf3 Kd6 47. e4
Kc5 48. e5 Kd4 49. Rcc2 Rd3+ 50. Kf2 Raxa3 51. Rab2 Rab3 52. Ra2 Rf3+ 53. Ke1
Rxg3 54. Rd2+ Rgd3 55. Ra6 Rxd2 56. Kxd2 c3+ 57. Kc1 b4 58. Rxe6 Ra3 59. Rxg6
b3 60. Kb1 c2+ 61. Kb2 Ra2+ 62. Kxb3 c1=Q 63. Rd6+ Ke4 64. Kxa2 Kxf4 65. e6
Qc4+ 66. Ka1 Qa4+ 67. Kb1 Qb4+ 0-1

[Event "Outaouais-ch"]
[Site "Gatineau CAN"]
[Date "2018.04.10"]
[Round "2"]
[White "Bastien, Andre"]
[Black "Gagnon, Fabien"]
[Result "0-1"]
[WhiteElo "1908"]
[BlackElo "1840"]
[PlyCount "105"]
[EventDate "2018.04.03"]
[EventType "tourn"]
[EventRounds "7"]
[EventCountry "CAN"]

1. d4 g6 2. Nf3 Bg7 3. e3 d6 4. Bd3 e5 5. c3 Nc6 6. Qc2 Nf6 7. Nbd2 O-O 8. O-O
Qe7 9. Re1 Re8 10. e4 Nh5 11. d5 Nb8 12. Nf1 h6 13. Ne3 Nd7 14. b4 Nf4 15. Bb5
Rf8 16. Bf1 Nf6 17. Bd2 Nh7 18. Rac1 Ng5 19. Nxg5 hxg5 20. c4 f5 21. exf5 gxf5
22. g3 Nh5 23. Be2 Qf7 24. Nd1 g4 25. c5 f4 26. Bd3 Qf6 27. cxd6 cxd6 28. Bc3
Bd7 29. Be4 Rac8 30. Qd3 Qg5 31. Bd2 Nf6 32. Nc3 Nxe4 33. Nxe4 Qg6 34. Rxc8
Rxc8 35. gxf4 Bf5 36. Qe2 Rc2 37. Ng5 Qe8 38. Qe3 Qb5 39. Bc3 Qc4 40. Ba1 Qxd5
41. Qxa7 Qd2 42. Qe3 Qxe3 43. fxe3 Rxa2 44. e4 Bd7 45. fxe5 dxe5 46. Rd1 Bf6
47. Bxe5 Bxe5 48. Rxd7 Bxh2+ 49. Kf1 g3 50. Nf3 g2+ 51. Ke1 Bg3+ 52. Kd1 Rf2
53. Ng1 0-1

[Event "Outaouais-ch"]
[Site "Gatineau CAN"]
[Date "2018.04.10"]
[Round "2"]
[White "Desjardins, Michel"]
[Black "Guimond, Michel"]
[Result "1/2-1/2"]
[WhiteElo "1931"]
[BlackElo "1921"]
[PlyCount "71"]
[EventDate "2018.04.03"]
[EventType "tourn"]
[EventRounds "7"]
[EventCountry "CAN"]

1. e4 e6 2. d4 c5 3. c3 Qa5 4. dxc5 Qxc5 5. Be3 Qc7 6. Nf3 Nf6 7. Bd3 Ng4 8.
Bg5 Bc5 9. Bh4 Ne5 10. Nxe5 Qxe5 11. Bg3 Qg5 12. Nd2 O-O 13. Nf3 Qd8 14. e5 f5
15. exf6 gxf6 16. O-O Nc6 17. Qa4 Rf7 18. Qh4 f5 19. Qxd8+ Nxd8 20. Ne5 Rg7 21.
Bh4 Nf7 22. Nxf7 Kxf7 23. b4 Bd6 24. Rad1 Be5 25. Rc1 b6 26. Rfe1 Bc7 27. Bg3
f4 28. Bh4 Bb7 29. g3 Rag8 30. Be4 d5 31. Bf3 fxg3 32. fxg3 Ba6 33. Bh5+ Rg6
34. Rc2 e5 35. a4 Bd3 36. Rd2 1/2-1/2

[Event "Outaouais-ch"]
[Site "Gatineau CAN"]
[Date "2018.04.10"]
[Round "2"]
[White "Solunac, Sasha"]
[Black "Jobin, Gilles G"]
[Result "1/2-1/2"]
[WhiteElo "1877"]
[BlackElo "1840"]
[PlyCount "65"]
[EventDate "2018.04.03"]
[EventType "tourn"]
[EventRounds "7"]
[EventCountry "CAN"]

1. d4 d6 2. Bf4 Nf6 3. Nf3 Nbd7 4. Nc3 c6 5. e4 Qa5 6. Qd2 e5 7. b4 Qc7 8. Bg3
h6 9. Bc4 Nh5 10. O-O Nxg3 11. fxg3 Nf6 12. Nh4 exd4 13. Qxd4 Qb6 14. Qxb6 axb6
15. Nf5 Be6 16. Bb3 Nd7 17. Rad1 Bxf5 18. Rxf5 Ne5 19. b5 Be7 20. Na4 cxb5 21.
Nxb6 Ra6 22. Nd5 Rc6 23. Rdf1 f6 24. a4 Rc5 25. axb5 Bd8 26. Ra1 Kd7 27. Ra8
Rxd5 28. Rxd8+ Rxd8 29. Bxd5 Kc7 30. Rf1 Kb6 31. c4 Ra8 32. Rc1 Ra3 33. h3
1/2-1/2

[Event "Outaouais-ch"]
[Site "Gatineau CAN"]
[Date "2018.04.10"]
[Round "2"]
[White "Solunac, Stephen"]
[Black "Bilodeau, Victor"]
[Result "1-0"]
[WhiteElo "1741"]
[BlackElo "1729"]
[PlyCount "53"]
[EventDate "2018.04.03"]
[EventType "tourn"]
[EventRounds "7"]
[EventCountry "CAN"]

1. c4 c5 2. Nc3 Nc6 3. Nf3 d6 4. g3 g6 5. Bg2 Bg7 6. O-O Nf6 7. d4 cxd4 8. Nxd4
Nxd4 9. Qxd4 O-O 10. Qd3 Re8 11. b3 Rb8 12. Be3 Bf5 13. Qd2 b6 14. Rac1 Ng4 15.
Bd4 Ne5 16. e4 Bg4 17. f4 Bh6 18. Nd5 Qc8 19. Bb2 Bh3 20. Qd4 Bxg2 21. Kxg2 f6
22. fxe5 fxe5 23. Qf2 Bxc1 24. Qf7+ Kh8 25. Bxc1 e6 26. Bh6 Rg8 27. Nf6 1-0

[Event "Outaouais-ch"]
[Site "Gatineau CAN"]
[Date "2018.04.17"]
[Round "3"]
[White "Bilodeau, Victor"]
[Black "Bastien, Andre"]
[Result "0-1"]
[WhiteElo "1729"]
[BlackElo "1908"]
[PlyCount "74"]
[EventDate "2018.04.03"]
[EventType "tourn"]
[EventRounds "7"]
[EventCountry "CAN"]

1. e4 d5 2. e5 c5 3. f4 Nc6 4. Nf3 Bf5 5. c3 e6 6. d4 a6 7. Bd3 Nh6 8. h3 Bxd3
9. Qxd3 Nf5 10. Nbd2 c4 11. Qc2 Ne3 12. Qb1 Nxg2+ 13. Kf2 Nxf4 14. Nxc4 Ng6 15.
Ne3 Be7 16. Ng2 Nh4 17. Ngxh4 Bxh4+ 18. Ke2 Be7 19. Rg1 g6 20. Bh6 Qb6 21. Ng5
Qb5+ 22. Kd2 Rc8 23. h4 Qb6 24. Kd3 Qb5+ 25. Ke3 Nxe5 26. dxe5 Bc5+ 27. Kf3
Bxg1 28. Qxg1 Qxb2 29. Qf1 Rxc3+ 30. Kg4 Qb4+ 31. Qf4 Rc4 32. Rf1 Kd7 33. Nxf7
Rg8 34. Kg5 Rxf4 35. Rxf4 Qd2 36. Nd6 b5 37. Kg4 Qg2# 0-1

[Event "Outaouais-ch"]
[Site "Gatineau CAN"]
[Date "2018.04.17"]
[Round "3"]
[White "Gagnon, Fabien"]
[Black "Desjardins, Michel"]
[Result "1/2-1/2"]
[WhiteElo "1840"]
[BlackElo "1931"]
[PlyCount "40"]
[EventDate "2018.04.03"]
[EventType "tourn"]
[EventRounds "7"]
[EventCountry "CAN"]

1. e4 d5 2. exd5 Qxd5 3. Nc3 Qd6 4. Bc4 Nf6 5. d3 g6 6. Nb5 Qd8 7. Bf4 Na6 8.
Nf3 Bg7 9. Qd2 O-O 10. Bh6 c6 11. Nc3 b5 12. Bb3 Nc5 13. Bxg7 Kxg7 14. Qe3 Qd6
15. Ne4 Nfxe4 16. dxe4 Nxb3 17. axb3 Qb4+ 18. Nd2 Rd8 19. c3 Qd6 20. b4 Be6
1/2-1/2

[Event "Outaouais-ch"]
[Site "Gatineau CAN"]
[Date "2018.04.17"]
[Round "3"]
[White "Guimond, Michel"]
[Black "Jobin, Gilles G"]
[Result "1-0"]
[WhiteElo "1921"]
[BlackElo "1840"]
[PlyCount "64"]
[EventDate "2018.04.03"]
[EventType "tourn"]
[EventRounds "7"]
[EventCountry "CAN"]

1. e4 d6 2. d4 Nf6 3. Nc3 e5 4. d5 Be7 5. Bc4 c6 6. a4 O-O 7. a5 b5 8. axb6
Qxb6 9. Ra3 Bb7 10. Be3 Qc7 11. Qe2 Nxe4 12. dxc6 Bxc6 13. Nd5 Qd8 14. Bh6 Nf6
15. Nxe7+ Qxe7 16. Rg3 g6 17. Bxf8 Kxf8 18. Nh3 d5 19. Ba2 Ne4 20. Rb3 Nd7 21.
O-O Ndc5 22. Rf3 Ne6 23. c3 Rb8 24. Rd1 Qb7 25. b4 f5 26. Re3 Ke7 27. f3 Nxc3
28. Rxc3 d4 29. Ra3 Qc7 30. Qc4 Qd7 31. Rxa7 Qxa7 32. Qxe6+ Kd8 1-0

[Event "Outaouais-ch"]
[Site "Gatineau CAN"]
[Date "2018.04.17"]
[Round "3"]
[White "Solunac, Sasha"]
[Black "Solunac, Stephen"]
[Result "1/2-1/2"]
[WhiteElo "1877"]
[BlackElo "1741"]
[PlyCount "66"]
[EventDate "2018.04.03"]
[EventType "tourn"]
[EventRounds "7"]
[EventCountry "CAN"]

1. b3 e5 2. Bb2 Nc6 3. e3 d6 4. Bb5 Bd7 5. Nf3 g6 6. d4 Bg7 7. Bxc6 Bxc6 8.
dxe5 dxe5 9. Qxd8+ Rxd8 10. Nxe5 Bxg2 11. Rg1 Bh3 12. Nd2 Ne7 13. O-O-O O-O 14.
Ndf3 Bf5 15. h4 h5 16. Rd2 Rxd2 17. Nxd2 Bf6 18. e4 Be6 19. f4 Kh7 20. Ndf3 Bg7
21. Ba3 Bf6 22. Ng5+ Bxg5 23. Rxg5 Re8 24. f5 f6 25. fxg6+ Kg7 26. Rxh5 fxe5
27. Rxe5 Nxg6 28. Rg5 Kh6 29. Rc5 c6 30. Bb4 Nxh4 31. Bd2+ Kg6 32. Rg5+ Kf6 33.
Ra5 Nf3 1/2-1/2

[Event "Outaouais-ch"]
[Site "Gatineau CAN"]
[Date "2018.04.24"]
[Round "4"]
[White "Bilodeau, Victor"]
[Black "Jobin, Gilles G"]
[Result "1/2-1/2"]
[WhiteElo "1729"]
[BlackElo "1840"]
[PlyCount "60"]
[EventDate "2018.04.03"]
[EventType "tourn"]
[EventRounds "7"]
[EventCountry "CAN"]

1. d4 d6 2. e4 Nf6 3. Bd3 e5 4. dxe5 dxe5 5. Bg5 Be7 6. Nf3 Qd6 7. O-O Nbd7 8.
Nbd2 Nb6 9. Re1 Nfd7 10. Bh4 Nc5 11. Nc4 Nxc4 12. Bxc4 f6 13. Qd5 Be6 14. Qxd6
Bxd6 15. Bxe6 Nxe6 16. Nd2 g5 17. Bg3 O-O-O 18. Nc4 Bc5 19. c3 Rd7 20. b4 Be7
21. Ne3 Rhd8 22. Nd5 c6 23. Nxe7+ Rxe7 24. Red1 Red7 25. Rxd7 Rxd7 26. f3 Rd3
27. Rc1 b5 28. Rc2 c5 29. h3 c4 30. Kf2 Kb7 1/2-1/2

[Event "Outaouais-ch"]
[Site "Gatineau CAN"]
[Date "2018.05.01"]
[Round "4"]
[White "Desjardins, Michel"]
[Black "Bastien, Andre"]
[Result "1-0"]
[WhiteElo "1931"]
[BlackElo "1908"]
[PlyCount "57"]
[EventDate "2018.04.03"]
[EventType "tourn"]
[EventRounds "7"]
[EventCountry "CAN"]

1. e4 e6 2. d4 b6 3. Bd3 Bb7 4. Nc3 Bb4 5. Nge2 d5 6. exd5 Qxd5 7. Nf4 Qd6 8.
O-O Bxc3 9. bxc3 Nf6 10. Re1 Nbd7 11. a4 g5 12. Nh5 Qd5 13. Nxf6+ Nxf6 14. Bf1
O-O-O 15. a5 Ne4 16. Qd3 f5 17. axb6 axb6 18. f3 c5 19. fxe4 fxe4 20. Qe3 cxd4
21. cxd4 Rhf8 22. Ba6 Qxd4 23. Bxb7+ Kxb7 24. Qxd4 Rxd4 25. Bxg5 Rc8 26. c3
Rdc4 27. Bf6 Rf8 28. Bd4 Rf5 29. Rxe4 1-0

[Event "Outaouais-ch"]
[Site "Gatineau CAN"]
[Date "2018.05.01"]
[Round "4"]
[White "Solunac, Sasha"]
[Black "Guimond, Michel"]
[Result "0-1"]
[WhiteElo "1877"]
[BlackElo "1921"]
[PlyCount "49"]
[EventDate "2018.04.03"]
[EventType "tourn"]
[EventRounds "7"]
[EventCountry "CAN"]

1. b3 e5 2. Bb2 Nc6 3. e3 d6 4. Bb5 Bd7 5. Ne2 a6 6. Bxc6 Bxc6 7. O-O Qg5 8.
Ng3 h5 9. f4 Qg6 10. d3 h4 11. Ne4 f5 12. Ng5 Be7 13. Nf3 O-O-O 14. Qe2 exf4
15. exf4 Re8 16. Qf2 Nf6 17. h3 Nh5 18. Ng5 Ng3 19. Nc3 Nxf1 20. Rxf1 Rh5 21.
Nf3 Bf6 22. d4 Bxf3 23. Qxf3 Bxd4+ 24. Kh1 Bxc3 25. Bxc3 0-1

[Event "Outaouais-ch"]
[Site "Gatineau CAN"]
[Date "2018.04.24"]
[Round "4"]
[White "Solunac, Stephen"]
[Black "Gagnon, Fabien"]
[Result "0-1"]
[WhiteElo "1741"]
[BlackElo "1840"]
[PlyCount "68"]
[EventDate "2018.04.03"]
[EventType "tourn"]
[EventRounds "7"]
[EventCountry "CAN"]

1. d4 Nf6 2. Bf4 g6 3. Nc3 d5 4. e3 Bg7 5. h4 h6 6. Nf3 c5 7. Nb5 Na6 8. a4 O-O
9. Be2 Bf5 10. c3 Ne4 11. Ne5 f6 12. Ng4 g5 13. hxg5 fxg5 14. Be5 Bxg4 15. Bxg4
Nxf2 16. Be6+ Kh7 17. Qc2+ Ne4 18. O-O-O Rf2 19. Qb1 c4 20. Rdf1 Rxf1+ 21. Rxf1
Bxe5 22. dxe5 Nac5 23. Bf5+ Kg7 24. Qc2 Qb8 25. e6 Qg3 26. Qe2 Rf8 27. Rf3 Qe5
28. g4 Nd3+ 29. Kb1 a6 30. Nd4 Rf6 31. Rh3 b5 32. axb5 axb5 33. Nxb5 Qb8 34.
Nd4 Nxc3+ 0-1

[Event "Outaouais-ch"]
[Site "Gatineau CAN"]
[Date "2018.05.08"]
[Round "5"]
[White "Bastien, Andre"]
[Black "Solunac, Sasha"]
[Result "0-1"]
[WhiteElo "1908"]
[BlackElo "1877"]
[PlyCount "86"]
[EventDate "2018.04.03"]
[EventType "tourn"]
[EventRounds "7"]
[EventCountry "CAN"]

1. d4 e6 2. Nf3 f5 3. g3 Nf6 4. Bg2 Be7 5. c4 O-O 6. O-O d6 7. Qc2 a5 8. Nc3
Nc6 9. Rd1 Qe8 10. Nb5 Bd8 11. Bg5 Qh5 12. a3 e5 13. dxe5 dxe5 14. Bxf6 gxf6
15. Nh4 f4 16. Qe4 Be6 17. Bf3 Qg5 18. Qc2 Kh8 19. Bd5 Bg4 20. Bf3 f5 21. Rd7
e4 22. Bg2 fxg3 23. hxg3 Ne5 24. Rd5 Qg7 25. Nd4 Qf6 26. Qc3 c6 27. Rxe5 Qxe5
28. Qd2 f4 29. gxf4 Rxf4 30. e3 Rf6 31. f3 exf3 32. Nhxf3 Bxf3 33. Nxf3 Qg3 34.
Qd4 Be7 35. Rf1 Raf8 36. c5 Kg8 37. Qc4+ R8f7 38. b4 Kf8 39. Qe4 Rg7 40. Nd2
Rxf1+ 41. Kxf1 Rf7+ 42. Ke2 Rf2+ 43. Kd3 Qxg2 0-1